Analýza a projektovanie technického rozvoja a inovačného programu vybraného odboru vo VHJ ZŤS Martin do roku 2000 záverečná práca postgraduálneho štúdia

Gespeichert in:
Bibliographische Detailangaben
1. Verfasser: Šnapko, Miroslav
Körperschaft: Vysoká škola ekonomická v Bratislave
Weitere Verfasser: Horecká, Katarína
Format: Buch
Sprache:Slowakisch
Veröffentlicht: Bratislava 1987
Tags: Tag hinzufügen
Keine Tags, Fügen Sie das erste Tag hinzu!

MARC

LEADER 00000nam a2200000 4500
001 c022919
005 20230116091246.4
041 0 |a slo 
044 |a SK 
245 1 0 |a Analýza a projektovanie technického rozvoja a inovačného programu vybraného odboru vo VHJ ZŤS Martin do roku 2000  |b záverečná práca postgraduálneho štúdia  |c Miroslav Šnapko ; Ved. práce Katarína Horecká 
264 1 |a Bratislava  |c 1987 
300 |a 72 s. 
100 1 |a Šnapko, Miroslav 
700 1 |a Horecká, Katarína 
710 2 |a Vysoká škola ekonomická v Bratislave